| 000 | 01125nam a22002537a 4500 | ||
|---|---|---|---|
| 001 | BRCA_9420 | ||
| 003 | FranzMayer | ||
| 005 | 20230918130248.0 | ||
| 008 | 230906b |||||||| |||| 00| 0 eng d | ||
| 020 | _a01884638 | ||
| 040 |
_aMFM _bESPAÑOL _cMFM |
||
| 050 | 0 |
_aF1209.5 _bC66 2017 |
|
| 110 | 1 |
_4Responsable _aSecretaria de Cultura _bCoordinación Nacional de Monumentos Históricos _929640 |
|
| 240 |
_aBoletín de monumentos históricos 41 _hTercera época. Núm 41, septiembre-diciembre 2017 _lEspañol |
||
| 245 | 0 |
_aBoletín de monumentos históricos 41 _bTercera época. Núm 41, septiembre-diciembre 2017 |
|
| 260 |
_aMéxico _bSecretaria de Cultura _c2017 |
||
| 300 |
_a167 p _bIlustraciones _c28 cm |
||
| 500 | _aAnexo 1 | ||
| 500 | _aIncluye un formato para suscribirse al boletín al principio del documento | ||
| 505 | _aTexto en: españolIncluye índice temáticoDirigido a: arquitectos, historiadores o arqueólogos | ||
| 650 | 1 |
_2América Latina _aMéxico _vMonumentos históricos _929641 |
|
| 651 | 2 |
_2Boletín _aBoletines especiales _vBoletín de monumentos históricos _929642 |
|
| 942 |
_2lcc _cH |
||
| 999 |
_c11042 _d11042 |
||